00558 a2200169 4500010001400000020002300014035001300037037001500050082001400065100001600079245006700095260003800162300003800200500003300238520007600271650004100347 aENG-86292 a8175412224c450.00 aEN-69825 bDBAD / PUB14a910.954111 aLone, F. A.1 aThe exploration of Uri Sector, Kashmir Valley /cby F.A. Lone. aDelhi bShipra Publicationsc2005 a192 p. bill., maps c22 cm. (HB) aIncludes statistical tables. aChiefly on wildlife, flora, fauna, and geology of Uri Sector, Kashmir. 0aNatural historyzIndiazUri (Tehsil)